Basics of digital image processing / (Record no. 42165)

MARC details
000 -LEADER
fixed length control field 00706nam a22001937a 4500
005 - DATE AND TIME OF LATEST TRANSACTION
control field 20100816161459.0
010 ## - LCCN (DPL NO)
LC control number ENG-100226
020 ## - INTERNATIONAL STANDARD BOOK NUMBER
International Standard Book Number 9788190778220
Terms of availability 110.00
035 ## - SYSTEM CONTROL NUMBER
System control number EN-83758
037 ## - SOURCE OF ACQUISITION
Source of stock number/acquisition DBAD/PUB
082 ## - DEWEY DECIMAL CLASSIFICATION NUMBER
Classification number 006.42
100 ## - MAIN ENTRY--PERSONAL NAME
Personal name Shanmugapriya, J.
245 ## - TITLE STATEMENT
Title Basics of digital image processing /
Statement of responsibility, etc by J. Shanmugapriya
260 ## - PUBLICATION, DISTRIBUTION, ETC. (IMPRINT)
Place of publication, distribution, etc Chennai
Name of publisher, distributor, etc Sekar Pathippagam
Date of publication, distribution, etc 2009
270 ## - ADDRESS
Address No. 66, Periyar Street, M.G.R. Nagar,
City Chennai
Postal code 600078
300 ## - PHYSICAL DESCRIPTION
Extent 100p.
Dimensions 20cm (pbk)
942 ## - ADDED ENTRY ELEMENTS (KOHA)
Source of classification or shelving scheme Dewey Decimal Classification
Item type English Books
Classification part 006.42
Call number suffix SHA
Holdings
Withdrawn status Lost status Not for loan Collection code Home library Current library Date acquired Source of acquisition Cost, normal purchase price Full call number Barcode Copy number Cost, replacement price Koha item type
    Not For Loan Non-fiction D.B.Act.Division D.B.Act.Division 16/08/2010 DBAD/PUB 110.00 006.42 SHA EN-83758 1 110.00 English Books

© Delhi Public Library
Hit Counter
free hit counter